00780naa a2200193Ia 4500008004100000020002200041082002200063083002100085099000900106100003200115245003600147264004000183300000800223520015500231647003400386942001200420999001500432952013900447200107s1958 xx 000 0 und d a978-0-449-21394-0 aFic R28 1958bR58 aFic R28 1958 R58 a1470 aRemarque, Erich Maria9311510aAll quiet on the Western front. aNew YorkbBallantine Books, c1958. a295 aShares the thoughts and feelings of a young men sent to die for a war they did not believe in-based on Remarque's own experiences as a German soldier. aWorld War, 1914-1918vFiction 2ddccBK c1470d1470 00102ddc4070aFOUNDATIONbFOUNDATIONcCIRCd2018-04-27eDonatedoFic R28 1958 R58pun accessior2022-02-23 00:00:00w2022-02-23yBK